000 01210nam0a2200289 4500
001 RU\NLR\BIBL_A\011428291
005 20250626063753.0
010 _a5-283-00108-3
_bв пер.
_d1 р. 40 к.
_98000
021 _aRU
_b89-62805
035 _a(NLR Aleph) 011428291
090 _a11639526
_c11639526
100 _a20170629d1989 |||y0rusy50 ca
101 0 _arus
102 _aRU
105 _aa g 000yy
200 1 _aТеплофизические свойства технически важных газов при высоких температурах и давлениях
_eсправочник
_f[Зубарев В.Н. и др.]
210 _aМосква
_cЭнергоатомиздат
_d1989
215 _a231 с.
_cил.
_d21
320 _aБиблиогр.: с. 223-230 (160 назв.)
606 1 _aГазы
_jСправочники
_xТеплофизические свойства
_91380230
_3RU\NLR\AUTH\66265522
686 1 _aЗ311.12я22
702 1 _aЗубарев
_bВ. Н.
_gВладимир Николаевич
_4220
852 _aNLR
_j89-5/5002
942 _cBOOK
980 _aNB